Tilastot visalle 15 maata joissa on eniten Covid-19-tapauksia 13. huh 2021

Klikkaa tästä pelataksesi tätä visaa!

Yleistilastot

  • Tätä visaa on pelattu 3 kertaa
  • Keskiarvotulos 14 / 28

Vastaustilastot

maa% Oikein
Espanja
100%
Yhdysvallat
100%
Italia
100%
Saksa
100%
Ruotsi
100%
Ranska
100%
Turkki
67%
Intia
67%
Meksiko
67%
Belgia
67%
Yhdistynyt
kuningaskunta
67%
Puola
67%
Brasilia
67%
Venäjä
67%
Argentiina
67%
Iran
33%
Liettua
33%
Portugali
33%
Alankomaat
33%
Viro
33%
Slovenia
33%
Tšekki
33%
Unkari
0%
Kolumbia
0%
Serbia
0%
Bahrain
0%
Israel
0%
Panama
0%

Tulosjakauma

Persentiili vastausten määrän mukaan

Jokaisen tuloksen saaneiden osuus

Tuloshistoriasi

Et ole pelannut tätä visaa